000 00763nam a22002177a 4500
999 _c451
_d451
003 AR-CdUCM
008 190223b ||||| |||| 00| 0 spa d
040 _aMUNICIPALIDAD PROVINCIAL DEL CUSCO
_cBIBLIOTECA MUNICIPAL DEL CUSCO
082 _a153.83 /
_bZ97
100 _aZuzunaga Florez, Carlos
_91773
245 _aTeoría de las Decisiones /
260 _aLima :
_bIndusrial Grafica,
_c1973.
300 _a183 paginas ;
_c20 cm.
505 _aAcción y descición -- Heuristica -- La contracción del tiempo -- Programación dinámica -- La simulación y el juego...
650 _aValoraciones
_91774
650 _aCiencia politica
_91775
650 _aIdeologias
_91776
650 _aCiencia moderna
_91777
942 _2ddc
_cLIBROS
945 _awnts
_d2019-02-23